Cover

LEADER 00000ntm a22000007u 4500
001 zp33334
041 |a cze 
100 1 |a Leštinská, Lucie  |4 dis 
245 1 0 |a Role Fondu ohrožených dětí při evalvaci v rámci rozvodového řízení 
246 |a The Role of The Fund for Children in Need during Evaluation within Divorce Proceedings 
260 |c 2014 
300 |a 117 s. 
500 |a Studijní obor: Sociální pedagogika 
500 |a Studijní obor: Social pedagogy 
500 |a Ústav: Katedra pedagogiky 
500 |a Univerzita Tomáše Bati ve Zlíně. Fakulta humanitních studií 
500 |a Tomas Bata University in Zlín. Faculty of Humanities 
506 |a Bez omezení 
653 |a Rozvodové řízení 
653 |a děti 
653 |a rodiče 
653 |a krize 
653 |a rodinná mediace 
653 |a rodinná terapie 
653 |a poradenství 
653 |a případová konference 
653 |a asistence při problémovém kontaktu rodičů s dětmi 
653 |a Fond ohrožených dětí 
653 |a Divorce 
653 |a children 
653 |a parents 
653 |a crisis 
653 |a family mediation 
653 |a family therapy 
653 |a consultancy 
653 |a case conference 
653 |a assistance during problematic contact between parents and children 
653 |a Fund of Children In Needs 
655 4 |a diplomová práce 
700 1 |a Řehoř, Antonín  |4 ths 
710 2 |a Univerzita Tomáše Bati ve Zlíně. Fakulta humanitních studií  |4 dgg 
710 2 |a Tomas Bata University in Zlín. Faculty of Humanities  |4 dgg 
856 4 0 |u http://hdl.handle.net/10563/27920  |y Plný text v Digitální knihovně UTB